Lowest Ranked Countries by GDP per Capita - Statistics

General Stats
  • This quiz has been taken 48 times
  • The average score is 25 of 32
Answer Stats
GDP (per capita) Country % Correct
$986 Togo
89%
$1,394 Benin
86%
$193 Burundi
86%
$496 Central African Republic
84%
$628 Democratic Republic of the Congo
84%
$1,541 Guinea
84%
$951 Guinea-Bissau
84%
$869 Mali
84%
$623 Mozambique
84%
$643 Niger
84%
$1,597 Nigeria
82%
$1,002 Uganda
82%
$416 Afghanistan
80%
$681 Chad
80%
$888 Gambia (the)
80%
$602 Malawi
80%
$1,010 Rwanda
80%
$1,331 Zambia
80%
$883 Burkina Faso
77%
$1,272 Ethiopia
77%
$1,706 Haiti
77%
$506 Madagascar
77%
$758 Sierra Leone
77%
$1,187 Tanzania
77%
$1,233 Myanmar
75%
$1,503 Timor-Leste
75%
$772 Liberia
73%
$1,365 Pakistan
70%
$1,590 Comoros
68%
$916 Lesotho
68%
$1,378 Nepal
66%
$1,161 Tajikistan
64%
No matching quizzes found
Score Distribution
Percent of People with Each Score
Percentile by Number Answered
Your Score History
You have not taken this quiz